01397na a2200313 450000100060000000300080000600500170001400800410003103500100007204000250008204100080010708200280011511000340014322200170017724501580019424600230035224600280037524600430040324601300044626000500057630000180062644000540064450000790069861000540077761000530083165100470088474001300093183000220106119939MIRAKIL20210323173733.0161228b tu 000 0  a19939 aMilasbturcTR-AnCHP atur aCHP 324.2372bC36t 1972 aCumhuriyet Halk Partisi (CHP) aTüzükler aC.H.P. tüzüğüb30 Haziran - 2 temmuz 1972 günlerinden toplanan CHP XXI. kurultayunda yapılan değişikliklerle yeniden basılmıştırcCHP aCHP tüzüğü aCHP 1972 tüzüğü aCumhuriyet Halk Partisi tüzüğü a30 Haziran - 2 temmuz 1972 günlerinden toplanan CHP XXI. kurultayunda yapılan değişikliklerle yeniden basılmıştır aAnkarab[CHP]c1972fAnkara basım ve Ciltevi a93 s.c16 sm. aCumhuriyet Halk Partisi yayınlarıpTüzükler aFotokopidir. Kütüphaneciden çevrimdışı versiyonu sağlanabilir. aCumhuriyet Halk Partisi (CHP)xTüzükler, 1972 aCumhuriyet Halk Partisi (CHP)xKurultaylar, 1972 aTürkiyexSiyaset ve yönetimy1972-1974 a30 Haziran - 2 temmuz 1972 günlerinden toplanan CHP XXI. kurultayunda yapılan değişikliklerle yeniden basılmıştır aCHP tüzükleri